| 000 | 00635nam a22002175a 4500 | ||
|---|---|---|---|
| 005 | 20201128024036.0 | ||
| 008 | 161204s2016 ii a frb 001 0 eng d | ||
| 020 | _a9789383318452 | ||
| 040 |
_aEG-SsBUE _beng _cEG-SsBUE _dEG-SsBUE |
||
| 082 | 0 | 4 |
_222 _a658.4013 _bSHA |
| 100 | 1 | _aSharma, N. P. | |
| 245 | 1 | 0 |
_aQuality management / _cN. P. Sharma. |
| 260 |
_aNew Delhi : _bWisdom Press, _c2016. |
||
| 300 |
_a264 p. : _bill. ; _c18 cm. |
||
| 500 | _aIndex : p. 263-264. | ||
| 504 | _aBibliography : p. 261-262. | ||
| 650 | 7 |
_2BUEsh _92364 _aTotal quality management. |
|
| 651 | _2BUEsh | ||
| 653 |
_bNNUR _cDecember2016 |
||
| 942 | _2ddc | ||
| 999 |
_c23447 _d23419 |
||